36-徳島県の市町村クイズ - Statistics

General Stats
  • This quiz has been taken 1,401 times
    1,294 since last reset
  • The average score is 15 of 24
Answers on the Map
Answers color-coded by a green-red scale on the quiz's map according to % correct below.
 
Answer Stats
Answer % Correct
徳島とくしま
89%
鳴門なると
87%
阿南あなん
75%
三好みよし
75%
小松島こまつしま
69%
ひがしみよしちょう
69%
海陽かいようちょう
64%
牟岐むぎちょう
63%
藍住あいずみちょう
61%
阿波あわ
61%
美馬みま
60%
吉野川よしのがわ
60%
板野いたのちょう
58%
松茂まつしげちょう
57%
つるぎちょう
54%
那賀なかちょう
54%
美波みなみちょう
54%
北島きたじまちょう
52%
佐那河内さなごうちそん
52%
石井いしいちょう
51%
上板かみいたちょう
51%
上勝かみかつちょう
48%
勝浦かつうらちょう
46%
神山かみやまちょう
46%
No matching quizzes found
Score Distribution
Percent of People with Each Score
Percentile by Number Answered
Your Score History
You have not taken this quiz since the last reset